000 00769nam a2200217 a 4500
001 004443
003 BD-ChCU
008 Ben
020 _a
040 _aDLC
_cDLC
_dBD-ChCU
082 0 0 _a১৮১.৪৮২/যো বা অ
100 1 _aবাগচী, যোগেন্দ্রনাথ
_b-
245 1 0 _aঅদ্বৈতবেদান্তে অবিদ্যানুমান
_b-
250 _a***
260 _aকলিকাতা
_bসংস্কৃত পুস্তক ভান্ডার
_c১৯৯১
300 _a**
504 _a- Biblio-
650 0 _aদর্শন, ভারতীয়
_bহিন্দু ধর্ম-দর্শন
700 1 _aতাংশুশেখর বাগচী
942 _2ddc
_cBK
999 _c4443
_d4443